[Event "DEM U10 2023"]
[Site "Willingen GER"]
[Date "2023.05.31"]
[Round "6"]
[White "Sheng, Ming"]
[Black "Teng, David"]
[Result "1-0"]
[Termination "normal"]
[Board "5"]
[WhiteElo "1675"]
[BlackElo "1554"]
[WhiteClock "00:01:29"]
[BlackClock "00:06:12"]
[PlyCount "113"]
[WhiteFideId "34605258"]
[BlackFideId "34604570"]
[EventCountry "GER"]
[EventRounds "11"]
[EventType "swiss"]
[EventDate "2023.05.27"]

1. e4 {[%clk 01:15:58]} {[%emt 00:00:02]} c5 {[%clk 01:15:47]} {[%emt
00:00:13]} 2. Nf3 {[%clk 01:16:16]} {[%emt 00:00:11]} e6 {[%clk 01:16:10]}
{[%emt 00:00:08]} 3. c3 {[%clk 01:16:27]} {[%emt 00:00:19]} Nf6 {[%clk
01:15:59]} {[%emt 00:00:41]} 4. e5 {[%clk 01:16:22]} {[%emt 00:00:35]} Nd5
{[%clk 01:16:23]} {[%emt 00:00:06]} 5. d4 {[%clk 01:16:45]} {[%emt 00:00:07]}
cxd4 {[%clk 01:16:15]} {[%emt 00:00:38]} 6. cxd4 {[%clk 01:16:57]} {[%emt
00:00:17]} d6 {[%clk 01:15:52]} {[%emt 00:00:53]} 7. Bc4 {[%clk 01:17:19]}
{[%emt 00:00:08]} Nb6 {[%clk 01:15:21]} {[%emt 00:01:01]} 8. Bd3 {[%clk
01:17:10]} {[%emt 00:00:39]} Nc6 {[%clk 01:14:04]} {[%emt 00:01:47]} 9. O-O
{[%clk 01:16:30]} {[%emt 00:01:08]} Be7 {[%clk 01:13:12]} {[%emt 00:01:24]} 10.
a3 {[%clk 01:15:34]} {[%emt 00:01:26]} Qc7 {[%clk 01:11:58]} {[%emt 00:01:44]}
11. Re1 {[%clk 01:13:57]} {[%emt 00:02:06]} Bd7 {[%clk 01:10:45]} {[%emt
00:01:44]} 12. Nc3 {[%clk 01:14:00]} {[%emt 00:00:27]} a6 {[%clk 01:10:00]}
{[%emt 00:01:16]} 13. Bf4 {[%clk 01:06:57]} {[%emt 00:07:31]} dxe5 {[%clk
00:59:06]} {[%emt 00:11:27]} 14. dxe5 {[%clk 01:03:14]} {[%emt 00:04:11]} h6
{[%clk 00:49:21]} {[%emt 00:10:15]} 15. Ne4 {[%clk 00:51:44]} {[%emt 00:12:00]}
Nd5 {[%clk 00:41:22]} {[%emt 00:08:29]} 16. Bg3 {[%clk 00:42:09]} {[%emt
00:10:05]} h5 {[%clk 00:37:08]} {[%emt 00:04:44]} 17. Nd6+ {[%clk 00:39:42]}
{[%emt 00:02:57]} Kf8 {[%clk 00:36:23]} {[%emt 00:01:16]} 18. h4 {[%clk
00:38:15]} {[%emt 00:01:53]} Na7 {[%clk 00:32:21]} {[%emt 00:04:36]} 19. Rc1
{[%clk 00:35:30]} {[%emt 00:03:14]} Qb6 {[%clk 00:31:25]} {[%emt 00:01:25]} 20.
b4 {[%clk 00:32:27]} {[%emt 00:03:34]} Nc8 {[%clk 00:27:55]} {[%emt 00:04:01]}
21. Nc4 {[%clk 00:28:40]} {[%emt 00:04:16]} Qd8 {[%clk 00:27:44]} {[%emt
00:00:41]} 22. Be4 {[%clk 00:28:43]} {[%emt 00:00:28]} Bc6 {[%clk 00:26:11]}
{[%emt 00:02:02]} 23. Nd4 {[%clk 00:26:27]} {[%emt 00:02:45]} Qd7 {[%clk
00:24:18]} {[%emt 00:02:24]} 24. Nxc6 {[%clk 00:24:35]} {[%emt 00:02:23]} bxc6
{[%clk 00:24:17]} {[%emt 00:00:30]} 25. Na5 {[%clk 00:23:38]} {[%emt 00:01:27]}
Na7 {[%clk 00:22:48]} {[%emt 00:02:00]} 26. Nc4 {[%clk 00:18:31]} {[%emt
00:05:36]} Nc8 {[%clk 00:20:40]} {[%emt 00:02:38]} 27. Qa4 {[%clk 00:17:13]}
{[%emt 00:01:48]} Bd8 {[%clk 00:17:19]} {[%emt 00:03:51]} 28. Red1 {[%clk
00:13:37]} {[%emt 00:04:01]} Qb7 {[%clk 00:17:29]} {[%emt 00:00:25]} 29. Na5
{[%clk 00:11:49]} {[%emt 00:02:17]} Bxa5 {[%clk 00:17:10]} {[%emt 00:00:49]}
30. Qxa5 {[%clk 00:12:11]} {[%emt 00:00:09]} Nce7 {[%clk 00:16:11]} {[%emt
00:01:29]} 31. Rc5 {[%clk 00:11:07]} {[%emt 00:01:34]} g6 {[%clk 00:15:43]}
{[%emt 00:00:58]} 32. Rdc1 {[%clk 00:10:30]} {[%emt 00:01:07]} Kg7 {[%clk
00:14:07]} {[%emt 00:02:06]} 33. f3 {[%clk 00:10:13]} {[%emt 00:00:46]} Rhc8
{[%clk 00:13:32]} {[%emt 00:01:06]} 34. Bf2 {[%clk 00:09:59]} {[%emt 00:00:44]}
Kg8 {[%clk 00:12:30]} {[%emt 00:01:32]} 35. Qa4 {[%clk 00:08:00]} {[%emt
00:02:29]} Nb6 {[%clk 00:10:38]} {[%emt 00:02:23]} 36. Qc2 {[%clk 00:07:56]}
{[%emt 00:00:33]} Nbd5 {[%clk 00:09:01]} {[%emt 00:02:07]} 37. Qc4 {[%clk
00:05:53]} {[%emt 00:02:32]} Nb6 {[%clk 00:08:06]} {[%emt 00:01:26]} 38. Qb3
{[%clk 00:05:53]} {[%emt 00:00:30]} Nbd5 {[%clk 00:08:20]} {[%emt 00:00:16]}
39. Qd1 {[%clk 00:05:34]} {[%emt 00:00:47]} Rd8 {[%clk 00:08:30]} {[%emt
00:00:23]} 40. Qa4 {[%clk 00:05:26]} {[%emt 00:00:36]} Rdc8 {[%clk 00:08:45]}
{[%emt 00:00:16]} 41. R5c2 {[%clk 00:05:06]} {[%emt 00:00:49]} Kg7 {[%clk
00:07:01]} {[%emt 00:02:15]} 42. Bc5 {[%clk 00:04:12]} {[%emt 00:01:24]} Nf5
{[%clk 00:05:51]} {[%emt 00:01:40]} 43. Bxf5 {[%clk 00:02:02]} {[%emt
00:02:40]} exf5 {[%clk 00:05:28]} {[%emt 00:00:53]} 44. Bd4 {[%clk 00:14:12]}
{[%emt 00:03:18]} Ne7 {[%clk 00:19:32]} {[%emt 00:01:28]} 45. e6+ {[%clk
00:11:43]} {[%emt 00:02:59]} f6 {[%clk 00:19:18]} {[%emt 00:00:44]} 46. Bc5
{[%clk 00:11:14]} {[%emt 00:00:59]} Nd5 {[%clk 00:18:39]} {[%emt 00:01:09]} 47.
Bd6 {[%clk 00:09:40]} {[%emt 00:02:04]} Nb6 {[%clk 00:16:09]} {[%emt 00:03:01]}
48. Qa5 {[%clk 00:08:48]} {[%emt 00:01:21]} Nd5 {[%clk 00:15:48]} {[%emt
00:00:52]} 49. Qc5 {[%clk 00:07:53]} {[%emt 00:01:23]} Ra7 {[%clk 00:14:16]}
{[%emt 00:02:04]} 50. Qxd5 {[%clk 00:02:37]} {[%emt 00:05:45]} cxd5 {[%clk
00:14:25]} {[%emt 00:00:21]} 51. Rxc8 {[%clk 00:02:56]} {[%emt 00:00:12]} Qb5
{[%clk 00:10:54]} {[%emt 00:04:01]} 52. e7 {[%clk 00:01:59]} {[%emt 00:01:26]}
Rxe7 {[%clk 00:10:25]} {[%emt 00:00:53]} 53. Bxe7 {[%clk 00:02:22]} {[%emt
00:00:13]} g5 {[%clk 00:08:59]} {[%emt 00:01:56]} 54. R1c6 {[%clk 00:01:45]}
{[%emt 00:01:06]} Kf7 {[%clk 00:07:00]} {[%emt 00:02:28]} 55. Bxf6 {[%clk
00:01:55]} {[%emt 00:00:21]} gxh4 {[%clk 00:06:35]} {[%emt 00:00:56]} 56. R8c7+
{[%clk 00:01:50]} {[%emt 00:00:36]} Kf8 {[%clk 00:06:12]} {[%emt 00:00:51]} 57.
Rd6 {[%clk 00:01:29]} {[%emt 00:00:52]} 1-0

[Event "DEM U10 2023"]
[Site "Willingen GER"]
[Date "2023.05.31"]
[Round "6"]
[White "Chua, Daniel James"]
[Black "Aguike, Toshiya"]
[Result "1/2-1/2"]
[Termination "normal"]
[Board "7"]
[WhiteElo "1433"]
[BlackElo "1490"]
[WhiteClock "00:08:26"]
[BlackClock "00:24:22"]
[PlyCount "221"]
[WhiteFideId "34608354"]
[BlackFideId "34611347"]
[EventCountry "GER"]
[EventRounds "11"]
[EventType "swiss"]
[EventDate "2023.05.27"]

1. e4 {[%clk 01:15:50]} {[%emt 00:00:10]} e5 {[%clk 01:15:55]} {[%emt
00:00:05]} 2. Nf3 {[%clk 01:16:14]} {[%emt 00:00:05]} Nc6 {[%clk 01:16:20]}
{[%emt 00:00:06]} 3. d4 {[%clk 01:16:42]} {[%emt 00:00:03]} exd4 {[%clk
01:16:39]} {[%emt 00:00:10]} 4. Nxd4 {[%clk 01:17:08]} {[%emt 00:00:04]} Bc5
{[%clk 01:16:48]} {[%emt 00:00:22]} 5. Nb3 {[%clk 01:17:21]} {[%emt 00:00:16]}
Bb6 {[%clk 01:16:59]} {[%emt 00:00:19]} 6. Nc3 {[%clk 01:17:45]} {[%emt
00:00:07]} h6 {[%clk 01:17:01]} {[%emt 00:00:28]} 7. Bc4 {[%clk 01:17:41]}
{[%emt 00:00:34]} a5 {[%clk 01:16:45]} {[%emt 00:00:46]} 8. a4 {[%clk
01:17:44]} {[%emt 00:00:27]} Nf6 {[%clk 01:15:47]} {[%emt 00:01:28]} 9. O-O
{[%clk 01:15:46]} {[%emt 00:02:28]} d6 {[%clk 01:15:37]} {[%emt 00:00:41]} 10.
h3 {[%clk 01:13:24]} {[%emt 00:02:51]} O-O {[%clk 01:15:16]} {[%emt 00:00:49]}
11. Bf4 {[%clk 01:10:54]} {[%emt 00:02:59]} Be6 {[%clk 01:14:31]} {[%emt
00:01:18]} 12. Bxe6 {[%clk 00:50:37]} {[%emt 00:20:47]} fxe6 {[%clk 01:12:02]}
{[%emt 00:02:58]} 13. Qd2 {[%clk 00:40:38]} {[%emt 00:10:30]} e5 {[%clk
01:11:15]} {[%emt 00:01:17]} 14. Be3 {[%clk 00:40:32]} {[%emt 00:00:34]} Nh5
{[%clk 01:08:08]} {[%emt 00:03:38]} 15. Bxb6 {[%clk 00:39:10]} {[%emt
00:01:53]} cxb6 {[%clk 01:08:05]} {[%emt 00:00:32]} 16. Qe3 {[%clk 00:34:54]}
{[%emt 00:04:45]} Nb4 {[%clk 01:07:29]} {[%emt 00:01:07]} 17. Rac1 {[%clk
00:34:32]} {[%emt 00:00:52]} Nf4 {[%clk 01:07:44]} {[%emt 00:00:14]} 18. Ne2
{[%clk 00:32:06]} {[%emt 00:02:57]} Qg5 {[%clk 01:05:41]} {[%emt 00:02:33]} 19.
Nxf4 {[%clk 00:31:22]} {[%emt 00:01:15]} exf4 {[%clk 01:02:02]} {[%emt
00:04:09]} 20. Qf3 {[%clk 00:31:02]} {[%emt 00:00:49]} Nc6 {[%clk 01:01:00]}
{[%emt 00:01:33]} 21. Qg4 {[%clk 00:30:15]} {[%emt 00:01:16]} Qe7 {[%clk
00:59:43]} {[%emt 00:01:47]} 22. Qe2 {[%clk 00:29:13]} {[%emt 00:01:26]} f3
{[%clk 00:59:49]} {[%emt 00:00:31]} 23. gxf3 {[%clk 00:23:05]} {[%emt
00:06:38]} Rf4 {[%clk 00:53:29]} {[%emt 00:06:49]} 24. Kh2 {[%clk 00:20:17]}
{[%emt 00:03:17]} Raf8 {[%clk 00:53:38]} {[%emt 00:00:21]} 25. Nd2 {[%clk
00:17:51]} {[%emt 00:02:57]} Ne5 {[%clk 00:53:44]} {[%emt 00:00:24]} 26. Rg1
{[%clk 00:18:05]} {[%emt 00:00:16]} Nxf3+ {[%clk 00:53:44]} {[%emt 00:00:30]}
27. Nxf3 {[%clk 00:18:22]} {[%emt 00:00:13]} Rxf3 {[%clk 00:54:07]} {[%emt
00:00:08]} 28. Rcf1 {[%clk 00:17:16]} {[%emt 00:01:36]} Qh4 {[%clk 00:41:53]}
{[%emt 00:12:43]} 29. Rg3 {[%clk 00:17:07]} {[%emt 00:00:40]} Qh5 {[%clk
00:41:35]} {[%emt 00:00:47]} 30. Kh1 {[%clk 00:11:46]} {[%emt 00:05:49]} R8f4
{[%clk 00:39:23]} {[%emt 00:02:44]} 31. Rfg1 {[%clk 00:08:38]} {[%emt
00:03:39]} g5 {[%clk 00:32:38]} {[%emt 00:07:13]} 32. R1g2 {[%clk 00:06:07]}
{[%emt 00:03:02]} Qf7 {[%clk 00:31:44]} {[%emt 00:01:25]} 33. Kg1 {[%clk
00:04:51]} {[%emt 00:01:46]} Kf8 {[%clk 00:31:04]} {[%emt 00:01:09]} 34. Rxf3
{[%clk 00:03:38]} {[%emt 00:01:43]} Rxf3 {[%clk 00:31:12]} {[%emt 00:00:22]}
35. Rg3 {[%clk 00:03:42]} {[%emt 00:00:27]} Rxg3+ {[%clk 00:31:28]} {[%emt
00:00:14]} 36. fxg3 {[%clk 00:04:11]} {[%emt 00:00:01]} Ke7 {[%clk 00:31:48]}
{[%emt 00:00:10]} 37. Qf2 {[%clk 00:04:13]} {[%emt 00:00:28]} Qe6 {[%clk
00:26:16]} {[%emt 00:06:02]} 38. Qf5 {[%clk 00:01:53]} {[%emt 00:02:49]} Qc4
{[%clk 00:26:00]} {[%emt 00:00:46]} 39. Qh7+ {[%clk 00:01:43]} {[%emt
00:00:41]} Ke8 {[%clk 00:20:04]} {[%emt 00:06:24]} 40. Qxb7 {[%clk 00:00:54]}
{[%emt 00:01:21]} Qxc2 {[%clk 00:19:49]} {[%emt 00:00:45]} 41. Qxb6 {[%clk
00:00:48]} {[%emt 00:00:36]} Qxe4 {[%clk 00:18:11]} {[%emt 00:02:07]} 42. Qxd6
{[%clk 00:14:51]} {[%emt 00:01:27]} Qb1+ {[%clk 00:33:15]} {[%emt 00:00:26]}
43. Kf2 {[%clk 00:14:36]} {[%emt 00:00:39]} Qxb2+ {[%clk 00:33:28]} {[%emt
00:00:22]} 44. Ke1 {[%clk 00:13:00]} {[%emt 00:02:07]} Qc3+ {[%clk 00:32:22]}
{[%emt 00:01:35]} 45. Kf2 {[%clk 00:12:24]} {[%emt 00:01:07]} Qc2+ {[%clk
00:28:47]} {[%emt 00:04:05]} 46. Ke1 {[%clk 00:11:49]} {[%emt 00:00:57]} Qe4+
{[%clk 00:29:02]} {[%emt 00:00:23]} 47. Kf2 {[%clk 00:11:11]} {[%emt 00:01:06]}
Qf5+ {[%clk 00:29:13]} {[%emt 00:00:19]} 48. Kg2 {[%clk 00:11:08]} {[%emt
00:00:35]} Qe4+ {[%clk 00:27:08]} {[%emt 00:02:35]} 49. Kf2 {[%clk 00:10:18]}
{[%emt 00:01:16]} Qxa4 {[%clk 00:26:27]} {[%emt 00:01:03]} 50. Qe6+ {[%clk
00:10:05]} {[%emt 00:00:54]} Kd8 {[%clk 00:26:47]} {[%emt 00:00:10]} 51. Qxh6
{[%clk 00:10:18]} {[%emt 00:00:17]} Qd4+ {[%clk 00:26:36]} {[%emt 00:00:41]}
52. Kf3 {[%clk 00:09:46]} {[%emt 00:01:02]} Qd1+ {[%clk 00:26:57]} {[%emt
00:00:10]} 53. Kf2 {[%clk 00:09:39]} {[%emt 00:00:30]} Qd2+ {[%clk 00:27:15]}
{[%emt 00:00:19]} 54. Kf1 {[%clk 00:09:47]} {[%emt 00:00:16]} Qc1+ {[%clk
00:27:23]} {[%emt 00:00:28]} 55. Kf2 {[%clk 00:10:08]} {[%emt 00:00:07]} Qc5+
{[%clk 00:27:18]} {[%emt 00:00:37]} 56. Kf3 {[%clk 00:10:01]} {[%emt 00:00:34]}
Qf5+ {[%clk 00:27:26]} {[%emt 00:00:24]} 57. Kg2 {[%clk 00:10:14]} {[%emt
00:00:14]} Kd7 {[%clk 00:26:57]} {[%emt 00:00:55]} 58. Qg7+ {[%clk 00:10:17]}
{[%emt 00:00:34]} Kc6 {[%clk 00:27:01]} {[%emt 00:00:23]} 59. Qc3+ {[%clk
00:09:48]} {[%emt 00:01:02]} Qc5 {[%clk 00:27:06]} {[%emt 00:00:26]} 60. Qf6+
{[%clk 00:09:39]} {[%emt 00:00:35]} Kb5 {[%clk 00:27:09]} {[%emt 00:00:31]} 61.
Qb2+ {[%clk 00:09:40]} {[%emt 00:00:15]} Kc4 {[%clk 00:27:20]} {[%emt
00:00:33]} 62. Qc2+ {[%clk 00:09:26]} {[%emt 00:00:38]} Kd5 {[%clk 00:26:44]}
{[%emt 00:01:09]} 63. Qd3+ {[%clk 00:09:10]} {[%emt 00:00:41]} Qd4 {[%clk
00:26:25]} {[%emt 00:00:56]} 64. Qb5+ {[%clk 00:09:21]} {[%emt 00:00:17]} Qc5
{[%clk 00:26:35]} {[%emt 00:00:23]} 65. Qd3+ {[%clk 00:09:46]} {[%emt
00:00:05]} Kc6 {[%clk 00:26:42]} {[%emt 00:00:22]} 66. Qa6+ {[%clk 00:06:58]}
{[%emt 00:03:18]} Kd7 {[%clk 00:26:36]} {[%emt 00:00:31]} 67. Qb7+ {[%clk
00:05:19]} {[%emt 00:02:09]} Kd6 {[%clk 00:26:29]} {[%emt 00:00:42]} 68. Qb8+
{[%clk 00:05:26]} {[%emt 00:00:22]} Kd5 {[%clk 00:26:26]} {[%emt 00:00:33]} 69.
Qb3+ {[%clk 00:05:06]} {[%emt 00:00:48]} Kd4 {[%clk 00:26:13]} {[%emt
00:00:46]} 70. Qb2+ {[%clk 00:04:50]} {[%emt 00:00:43]} Kd3 {[%clk 00:26:26]}
{[%emt 00:00:21]} 71. Qb3+ {[%clk 00:04:25]} {[%emt 00:00:52]} Kd2 {[%clk
00:25:42]} {[%emt 00:01:18]} 72. Qa2+ {[%clk 00:04:17]} {[%emt 00:00:29]} Kd3
{[%clk 00:25:09]} {[%emt 00:01:09]} 73. Qb3+ {[%clk 00:04:37]} {[%emt
00:00:12]} Kd4 {[%clk 00:24:57]} {[%emt 00:00:40]} 74. Qb2+ {[%clk 00:04:44]}
{[%emt 00:00:23]} Kd5 {[%clk 00:24:47]} {[%emt 00:00:37]} 75. Qb3+ {[%clk
00:04:56]} {[%emt 00:00:22]} Kc6 {[%clk 00:24:48]} {[%emt 00:00:30]} 76. Qe6+
{[%clk 00:04:57]} {[%emt 00:00:27]} Kb7 {[%clk 00:24:46]} {[%emt 00:00:32]} 77.
Qd7+ {[%clk 00:05:05]} {[%emt 00:00:23]} Ka6 {[%clk 00:24:51]} {[%emt
00:00:23]} 78. Qe6+ {[%clk 00:05:10]} {[%emt 00:00:26]} Ka7 {[%clk 00:24:54]}
{[%emt 00:00:29]} 79. Qd7+ {[%clk 00:04:44]} {[%emt 00:00:52]} Kb8 {[%clk
00:24:47]} {[%emt 00:00:37]} 80. Qd8+ {[%clk 00:04:59]} {[%emt 00:00:19]} Kb7
{[%clk 00:25:08]} {[%emt 00:00:09]} 81. Qd7+ {[%clk 00:05:00]} {[%emt
00:00:27]} Kb6 {[%emt 00:00:30]} 82. Qd8+ {[%clk 00:05:08]} {[%emt 00:00:14]}
Kb5 {[%clk 00:25:22]} {[%emt 00:00:25]} 83. Qd3+ {[%clk 00:04:34]} {[%emt
00:00:59]} Ka4 {[%clk 00:25:31]} {[%emt 00:00:24]} 84. Qd1+ {[%clk 00:04:33]}
{[%emt 00:00:30]} Kb4 {[%clk 00:25:42]} {[%emt 00:00:23]} 85. Qb1+ {[%clk
00:04:12]} {[%emt 00:00:51]} Kc4 {[%clk 00:25:48]} {[%emt 00:00:25]} 86. Qc2+
{[%clk 00:04:11]} {[%emt 00:00:13]} Kd5 {[%clk 00:26:06]} {[%emt 00:00:27]} 87.
Qd2+ {[%clk 00:03:54]} {[%emt 00:00:42]} Kc6 {[%clk 00:26:19]} {[%emt
00:00:23]} 88. Qe2 {[%clk 00:03:18]} {[%emt 00:00:58]} Qd5+ {[%clk 00:25:31]}
{[%emt 00:01:28]} 89. Kh2 {[%clk 00:02:53]} {[%emt 00:00:50]} Kb6 {[%clk
00:25:41]} {[%emt 00:00:24]} 90. Qb2+ {[%clk 00:01:16]} {[%emt 00:02:04]} Kc5
{[%clk 00:26:01]} {[%emt 00:00:11]} 91. Qc3+ {[%clk 00:01:40]} {[%emt
00:00:05]} Kb5 {[%clk 00:26:21]} {[%emt 00:00:13]} 92. Qb2+ {[%emt 00:00:31]}
Ka6 {[%clk 00:26:19]} {[%emt 00:00:07]} 93. Qe2+ {[%clk 00:02:15]} {[%emt
00:00:19]} Kb6 {[%clk 00:26:20]} {[%emt 00:00:28]} 94. Qb2+ {[%clk 00:02:33]}
{[%emt 00:00:11]} Kc7 {[%clk 00:26:41]} {[%emt 00:00:11]} 95. Qc3+ {[%clk
00:02:49]} {[%emt 00:00:11]} Kd6 {[%clk 00:26:41]} {[%emt 00:00:32]} 96. Qf6+
{[%clk 00:03:03]} {[%emt 00:00:16]} Kd7 {[%clk 00:23:24]} {[%emt 00:03:44]} 97.
Qg7+ {[%clk 00:03:14]} {[%emt 00:00:21]} Ke8 {[%clk 00:23:23]} {[%emt
00:00:29]} 98. Qg6+ {[%clk 00:03:36]} {[%emt 00:00:10]} Kf8 {[%clk 00:23:44]}
{[%emt 00:00:09]} 99. Qf6+ {[%emt 00:00:36]} Ke8 {[%clk 00:23:36]} {[%emt
00:00:06]} 100. Qg6+ {[%clk 00:04:16]} {[%emt 00:00:18]} Kd7 {[%clk 00:23:31]}
{[%emt 00:00:34]} 101. Qg7+ {[%clk 00:04:43]} {[%emt 00:00:04]} Kc6 {[%clk
00:23:17]} {[%emt 00:00:45]} 102. Qc3+ {[%clk 00:05:02]} {[%emt 00:00:05]} Kb7
{[%clk 00:23:16]} {[%emt 00:00:36]} 103. Qg7+ {[%clk 00:05:25]} {[%emt
00:00:07]} Ka6 {[%clk 00:23:30]} {[%emt 00:00:13]} 104. Qf6+ {[%clk 00:05:49]}
{[%emt 00:00:08]} Kb5 {[%clk 00:23:45]} {[%emt 00:00:15]} 105. Qb2+ {[%clk
00:06:12]} {[%emt 00:00:08]} Kc4 {[%clk 00:23:46]} {[%emt 00:00:28]} 106. Qc2+
{[%clk 00:06:31]} {[%emt 00:00:05]} Kb5 {[%clk 00:23:45]} {[%emt 00:00:36]}
107. Qb2+ {[%clk 00:06:57]} {[%emt 00:00:06]} Kc6 {[%clk 00:23:58]} {[%emt
00:00:17]} 108. Qc3+ {[%clk 00:07:22]} {[%emt 00:00:05]} Qc5 {[%clk 00:24:11]}
{[%emt 00:00:17]} 109. Qf6+ {[%clk 00:07:47]} {[%emt 00:00:05]} Kb7 {[%clk
00:24:09]} {[%emt 00:00:32]} 110. Qf7+ {[%clk 00:08:02]} {[%emt 00:00:14]} Kc8
{[%clk 00:24:22]} {[%emt 00:00:17]} 111. Qe8+ {[%clk 00:08:26]} {[%emt
00:00:07]} 1/2-1/2

[Event "DEM U10 2023"]
[Site "Willingen GER"]
[Date "2023.05.31"]
[Round "6"]
[White "Lange, Fynn Jeremy"]
[Black "Becker, Linus"]
[Result "0-1"]
[Termination "normal"]
[Board "8"]
[WhiteElo "1616"]
[BlackElo "1445"]
[WhiteClock "00:05:19"]
[BlackClock "00:10:21"]
[PlyCount "88"]
[WhiteFideId "34616365"]
[BlackFideId "34614958"]
[EventCountry "GER"]
[EventRounds "11"]
[EventType "swiss"]
[EventDate "2023.05.27"]

1. c4 {[%clk 01:15:54]} {[%emt 00:00:05]} c6 {[%clk 01:15:52]} {[%emt
00:00:08]} 2. g3 {[%clk 01:15:41]} {[%emt 00:00:43]} d5 {[%clk 01:16:11]}
{[%emt 00:00:12]} 3. Nf3 {[%clk 01:15:27]} {[%emt 00:00:43]} Nf6 {[%clk
01:12:46]} {[%emt 00:03:55]} 4. Bg2 {[%clk 01:15:01]} {[%emt 00:00:53]} Bf5
{[%clk 01:11:23]} {[%emt 00:01:55]} 5. O-O {[%clk 01:13:25]} {[%emt 00:02:06]}
Nbd7 {[%clk 01:10:43]} {[%emt 00:01:10]} 6. b3 {[%clk 01:08:56]} {[%emt
00:05:00]} e5 {[%clk 01:09:55]} {[%emt 00:01:18]} 7. d3 {[%clk 01:06:04]}
{[%emt 00:03:22]} Bd6 {[%clk 01:08:50]} {[%emt 00:01:35]} 8. Bb2 {[%clk
01:04:25]} {[%emt 00:02:08]} O-O {[%clk 01:08:27]} {[%emt 00:00:53]} 9. Re1
{[%clk 01:02:30]} {[%emt 00:02:24]} Qc7 {[%clk 01:01:07]} {[%emt 00:07:52]} 10.
Nbd2 {[%clk 00:51:55]} {[%emt 00:11:05]} d4 {[%clk 00:56:50]} {[%emt 00:04:47]}
11. Qc2 {[%clk 00:44:20]} {[%emt 00:08:04]} Rfe8 {[%clk 00:42:45]} {[%emt
00:14:35]} 12. a3 {[%clk 00:42:37]} {[%emt 00:02:14]} c5 {[%clk 00:41:59]}
{[%emt 00:01:15]} 13. Nh4 {[%clk 00:38:21]} {[%emt 00:04:44]} Bg6 {[%clk
00:40:29]} {[%emt 00:02:03]} 14. Nxg6 {[%clk 00:32:57]} {[%emt 00:05:53]} hxg6
{[%clk 00:39:57]} {[%emt 00:01:02]} 15. e3 {[%clk 00:31:54]} {[%emt 00:01:31]}
Nh7 {[%clk 00:29:31]} {[%emt 00:10:59]} 16. Ne4 {[%clk 00:30:25]} {[%emt
00:01:59]} Rab8 {[%clk 00:29:16]} {[%emt 00:00:45]} 17. exd4 {[%clk 00:29:11]}
{[%emt 00:01:41]} exd4 {[%clk 00:25:47]} {[%emt 00:04:01]} 18. f4 {[%clk
00:26:36]} {[%emt 00:03:05]} f5 {[%clk 00:22:52]} {[%emt 00:03:26]} 19. Nxd6
{[%clk 00:25:46]} {[%emt 00:01:20]} Qxd6 {[%clk 00:23:09]} {[%emt 00:00:12]}
20. Bd5+ {[%clk 00:25:48]} {[%emt 00:00:28]} Kf8 {[%clk 00:22:15]} {[%emt
00:01:25]} 21. b4 {[%clk 00:22:06]} {[%emt 00:04:12]} b6 {[%clk 00:20:16]}
{[%emt 00:02:29]} 22. h3 {[%clk 00:19:12]} {[%emt 00:03:23]} Nhf6 {[%clk
00:19:44]} {[%emt 00:01:02]} 23. Bg2 {[%clk 00:19:05]} {[%emt 00:00:37]} Nh5
{[%clk 00:17:42]} {[%emt 00:02:33]} 24. Kh2 {[%clk 00:18:31]} {[%emt 00:01:01]}
g5 {[%clk 00:15:03]} {[%emt 00:03:12]} 25. Bf3 {[%clk 00:16:10]} {[%emt
00:02:51]} Ndf6 {[%clk 00:14:51]} {[%emt 00:00:41]} 26. Qg2 {[%clk 00:12:53]}
{[%emt 00:03:46]} gxf4 {[%clk 00:14:47]} {[%emt 00:00:35]} 27. g4 {[%clk
00:13:01]} {[%emt 00:00:22]} fxg4 {[%clk 00:14:51]} {[%emt 00:00:26]} 28. hxg4
{[%clk 00:13:14]} {[%emt 00:00:17]} Ng3 {[%clk 00:15:07]} {[%emt 00:00:14]} 29.
Rxe8+ {[%clk 00:10:47]} {[%emt 00:02:57]} Rxe8 {[%clk 00:13:28]} {[%emt
00:02:09]} 30. Bc1 {[%clk 00:08:42]} {[%emt 00:02:36]} Kf7 {[%clk 00:12:25]}
{[%emt 00:01:33]} 31. Qf2 {[%clk 00:07:27]} {[%emt 00:01:40]} Rh8+ {[%clk
00:12:19]} {[%emt 00:00:40]} 32. Kg2 {[%clk 00:07:50]} {[%emt 00:00:07]} g5
{[%clk 00:11:06]} {[%emt 00:01:44]} 33. Bd2 {[%clk 00:07:30]} {[%emt 00:00:50]}
Qd7 {[%clk 00:09:56]} {[%emt 00:01:38]} 34. Re1 {[%clk 00:06:35]} {[%emt
00:01:24]} Nxg4 {[%clk 00:09:13]} {[%emt 00:01:15]} 35. Bxg4 {[%clk 00:05:44]}
{[%emt 00:01:21]} Qxg4 {[%clk 00:09:28]} {[%emt 00:00:15]} 36. Qf3 {[%clk
00:05:18]} {[%emt 00:00:56]} Rh2+ {[%clk 00:09:33]} {[%emt 00:00:25]} 37. Kxh2
{[%clk 00:05:41]} {[%emt 00:00:07]} Qxf3 {[%clk 00:09:50]} {[%emt 00:00:13]}
38. bxc5 {[%clk 00:04:22]} {[%emt 00:01:49]} bxc5 {[%clk 00:09:13]} {[%emt
00:01:07]} 39. Ba5 {[%clk 00:04:36]} {[%emt 00:00:17]} Nf1+ {[%clk 00:09:10]}
{[%emt 00:00:34]} 40. Kg1 {[%clk 00:04:43]} {[%emt 00:00:21]} Ne3 {[%clk
00:09:25]} {[%emt 00:00:16]} 41. Rxe3 {[%clk 00:04:46]} {[%emt 00:00:25]} dxe3
{[%clk 00:09:44]} {[%emt 00:00:12]} 42. a4 {[%clk 00:04:43]} {[%emt 00:00:33]}
Qf2+ {[%clk 00:09:46]} {[%emt 00:00:28]} 43. Kh1 {[%clk 00:05:09]} {[%emt
00:00:05]} f3 {[%clk 00:10:00]} {[%emt 00:00:16]} 44. Be1 {[%clk 00:05:19]}
{[%emt 00:00:19]} Qg2# {[%clk 00:10:21]} {[%emt 00:00:10]} 0-1